000 02143nam a22004575i 4500
001 196171
003 ES-MaACL
005 20250708182527.0
008 240816s1985 sp 000 0 spa d
017 _aB-24303-1985
020 _a843031024X (o.c.)
020 _a8430310258 (T.I)
020 _a8430310266 (T.II)
035 _aCSIC000053386
035 _a(ES-MaCSI)000053386MAD01-Aleph
035 _a(OCoLC)842215069
035 _a990000533860204201
040 _aES-MaCSI
_bspa
_cVL
080 _a806.0-3=690
080 _a806.90-3=60
100 0 _aOrtega Cavero, David
_987447
245 1 0 _aDiccionario portugués español, español-portugués =
_bDicionario portugues-espanhol, espanhol-portugues /
_cDavid Ortega Cavero.
250 _anueva ed./revisada y puesta al día por Julio de Conceiç o Fernandes
260 _aBarcelona :
_bRamon Sopena,
_cD.L. 1985.
300 _a2 v. ;
_c25 cm.
336 _2rdacontent
_atexto
337 _2rdamedia
_asin mediación
338 _2rdacarrier
_avolumen
650 4 _aLengua española-
_vDiccionarios-
_xPortugués
_2CSICAU
_914146
650 4 _aLengua portuguesa-
_vDiccionarios-
_xEspañol
_2CSICAU
_914314
700 1 _aFernandes, Julio da Conceiçao
_9238420
740 0 1 _aDicionário português-espanhol, espanhol-português
852 _aES-MaACL
_bR.152044
_cDEPOJ
_jN-9242
_fSellos y registro del Ministerio de Agricultura, Pesca y Alimentación
_hDonación: Ministerio de Agricultura, Pesca y Alimentación
_pv.I
_xEncuadernación holandesa
_9203965
852 _aES-MaACL
_bR. 152044
_cDEPOJ
_jN-9243
_fSellos y registro del Ministerio de Agricultura, Pesca y Alimentación
_hDonación: Ministerio de Agricultura, Pesca y Alimentación
_pv.II
_xEncuadernación holandesa
_9203966
914 _93840
_aEspaña.
_ednr
942 _2udc
_cMONOGRAFIA
_n0
999 _c196171
_d196171